00501nam a2200145Ia 4500008004100000041000800041082001400049100001700063245004500080260004400125300003100169365001100200999001700211952012700228240624s9999 xx 000 0 und d aeng a519.5 PRA aPRATT JOHN W aINTRODUCTION TO STATISTICAL DECISION THE c2009aNew DelhibPrentice-Hall of India axix, : 875 : p. : cm. ; 23 cRSb35 c15009d15009 00104070aIMTNbIMTNcRack 19-Ad2010-04-09eIBHg525.00n1800o519.5 PRAp15009r2024-06-24 00:00:00t1w2024-06-24yBK